000 00651 a2200229 4500
999 _c6682
_d6682
020 _a0534348939
050 0 0 _aQP360 KAL 1990
100 _aKalat, James W.
_eauthor
245 0 0 _aBiological psychology/
_cJames W. Kalat
250 _a6th ed.
264 _aPacific Grove:
_bBrooks/Cole Publishing Company,
_c1998
300 _a491p.:
_bill. ;
500 _aIncludes bibliographic references
650 0 _aPsychophysiology
650 0 _aPsychobiology
650 6 _aPsychophysiologie
650 6 _aPsychobiologie
650 7 _aPsychobiology.
650 7 _aPsychophysiology.
650 2 _aPsychophysiology.
942 _2lcc
_cBK
_e6th
_h360
_iKAL
_kQP